| 000 | 00717nam a2200229Ii 4500 | ||
|---|---|---|---|
| 003 | JO-AjNU | ||
| 008 | 230605s9999||||xx |||||||||||||| ||und|| | ||
| 017 | _a1994/3663 | ||
| 020 | _a977-02-4487-2 | ||
| 040 |
_aJO-AjNU _bara _erda _cJO-AjNU |
||
| 041 | _aara | ||
| 050 | 1 | 4 | _aQ163 1994 |
| 100 | 3 |
_aهانز، بريس ؛ ترجمة ايمن الشربيني , _eauthor _924711 |
|
| 245 | 0 | 0 | _aالعاب علمية |
| 250 | _aط3 | ||
| 264 | 3 | 1 | _aالقاهرة:دار المعارف ،1994 |
| 300 |
_a239ص _bصور توضيحية |
||
| 336 |
_atext _btxt _2rdacontent |
||
| 337 |
_aunmediated _bn _2rdamedia |
||
| 338 |
_avolume _bnc _2rdacarrier |
||
| 650 | 4 |
_aالعلوم - تجارب - العاب _924712 |
|
| 999 |
_aA9144 _c12712 _d12712 |
||